[Event "27th Klatovy A 2019"]
[Site "Klatovy CZE"]
[Date "2019.06.30"]
[Round "2.40"]
[White "Kupsa, Matej 2001"]
[Black "Kantor, Jozef"]
[Result "1-0"]
[WhiteElo "1929"]
[BlackElo "1808"]
[PlyCount "113"]
[EventDate "2019.06.29"]
[EventType "swiss"]
[EventRounds "9"]
[EventCountry "CZE"]

1. d4 Nf6 2. Bg5 d6 3. Bxf6 exf6 4. g3 c6 5. Bg2 d5 6. Nf3 Bg4 7. Nbd2 Bd6 8. O-O O-O 9. c4 Re8 10. e3 Nd7 11. Qb3 Qb6 12. Qxb6 axb6 13. cxd5 cxd5 14. Rfc1 Rec8 15. Rxc8+ Rxc8 16. Ne1 Bb4 17. Ndf3 b5 18. Bf1 Nb6 19. Bxb5 g5 20. a3 Bd6 21. Nd2 h5 22. f3 Be6 23. Kf2 Kg7 24. f4 Bf5 25. Nb3 Nc4 26. Bxc4 dxc4 27. Nc1 b5 28. Ne2 Ra8 29. Rc1 h4 30. gxh4 Rh8 31. Ng3 Bd7 32. Ne4 Be7 33. fxg5 Rxh4 34. gxf6+ Bxf6 35. Nxf6 Kxf6 36. Nf3 Rh8 37. Rh1 Rh3 38. Kg2 Ke7 39. e4 f6 40. Rf1 Bg4 41. e5 fxe5 42. Nxe5 Be6 43. Rf3 Rh6 44. Re3 Kd6 45. Nf3 Bd5 46. h3 Rh4 47. Kg3 Rh8 48. Ng5 Rb8 49. h4 b4 50. axb4 Rxb4 51. Re2 Rb3+ 52. Kg4 Rd3 53. h5 Rxd4+ 54. Kf5 Rh4 55. Kg6 Kc5 56. h6 Kb4 57. h7 1-0

[Event "27th Klatovy A 2019"]
[Site "Klatovy CZE"]
[Date "2019.07.01"]
[Round "3.1"]
[White "Sprenar, Petr"]
[Black "Neuman, Petr"]
[Result "1/2-1/2"]
[WhiteElo "2320"]
[BlackElo "2395"]
[PlyCount "57"]
[EventDate "2019.06.29"]
[EventType "swiss"]
[EventRounds "9"]
[EventCountry "CZE"]

1. d4 e6 2. c4 Bb4+ 3. Bd2 Qe7 4. g3 Nc6 5. Nf3 Nf6 6. Nc3 Bxc3 7. Bxc3 Ne4 8. Rc1 d6 9. Bg2 Nxc3 10. Rxc3 e5 11. O-O O-O 12. d5 Nb8 13. e4 Bg4 14. Qc2 a5 15. Ne1 Na6 16. f3 Bd7 17. Nd3 Nb4 18. Qb3 c5 19. a4 f5 20. exf5 Bxf5 21. Nf2 Qg5 22. Qd1 Rf6 23. Ne4 Bxe4 24. fxe4 Rxf1+ 25. Bxf1 Rf8 26. Bg2 h5 27. h4 Qh6 28. Bh3 g6 29. Kg2 1/2-1/2

[Event "27th Klatovy A 2019"]
[Site "Klatovy CZE"]
[Date "2019.07.01"]
[Round "3.2"]
[White "Rubes, Jan"]
[Black "Hollan, Petr"]
[Result "1-0"]
[WhiteElo "2352"]
[BlackElo "2261"]
[PlyCount "149"]
[EventDate "2019.06.29"]
[EventType "swiss"]
[EventRounds "9"]
[EventCountry "CZE"]

1. c4 Nf6 2. Nc3 e5 3. Nf3 Nc6 4. e4 Bb4 5. d3 d6 6. Be2 O-O 7. O-O Bg4 8. a3 Bc5 9. Nd2 Bxe2 10. Nxe2 a6 11. Ng3 Qd7 12. h3 Ne7 13. Nf3 Ng6 14. Bg5 Qe6 15. b4 Ba7 16. Rc1 c6 17. d4 Nf4 18. d5 cxd5 19. exd5 Nxh3+ 20. gxh3 Qxh3 21. c5 Ng4 22. Be7 Rfe8 23. Bxd6 e4 24. Nxe4 Rxe4 25. Ng5 Qh4 26. Nxe4 Bb8 27. Qd2 Bxd6 28. f4 Bf8 29. Rce1 a5 30. d6 axb4 31. axb4 Ra3 32. d7 Rd3 33. Qg2 Rxd7 34. Qg3 Qxg3+ 35. Nxg3 Rd4 36. Re8 g6 37. Rb1 Kg7 38. Re4 Rd3 39. Nf1 Nf6 40. Rc4 Nd7 41. Kf2 Ra3 42. Ne3 h5 43. Rd1 Nf6 44. Ke2 h4 45. b5 Bxc5 46. Rxc5 Ne4 47. Rc7 Nc3+ 48. Rxc3 Rxc3 49. Kf2 Rb3 50. Rd5 h3 51. Ng4 Kf8 52. Ne5 Rb2+ 53. Kg1 Ke8 54. Nc4 Rg2+ 55. Kh1 Ke7 56. Na5 Rf2 57. Nxb7 Rxf4 58. Nd8 Rf1+ 59. Kh2 Rb1 60. Kxh3 f6 61. Kg4 Ke8 62. Nc6 Kf7 63. Nd4 Ke7 64. Kf4 Ke8 65. Ke4 g5 66. Kf5 Ke7 67. Nc6+ Kf7 68. Rd7+ Ke8 69. Re7+ Kf8 70. Rb7 Ke8 71. b6 Rb5+ 72. Ke6 Kf8 73. Kxf6 Ke8 74. Ke6 Kf8 75. Rf7+ 1-0

[Event "27th Klatovy A 2019"]
[Site "Klatovy CZE"]
[Date "2019.07.01"]
[Round "3.3"]
[White "Simet, Martin"]
[Black "Havelka, Josef"]
[Result "0-1"]
[WhiteElo "2244"]
[BlackElo "2342"]
[PlyCount "70"]
[EventDate "2019.06.29"]
[EventType "swiss"]
[EventRounds "9"]
[EventCountry "CZE"]

1. d4 Nf6 2. Bf4 g6 3. e3 Bg7 4. Nf3 d6 5. h3 O-O 6. Nbd2 b6 7. Be2 Bb7 8. O-O Nbd7 9. c3 Qe8 10. Bh2 e5 11. Qb3 Qe7 12. Rac1 Kh8 13. Qa3 Ne4 14. Rfd1 Nxd2 15. Nxd2 a6 16. Bf3 e4 17. Be2 f5 18. c4 a5 19. Nb3 a4 20. Na1 g5 21. Nc2 f4 22. Bf1 Qf6 23. Rd2 Qf5 24. d5 Nc5 25. Nd4 Qg6 26. Be2 h5 27. Qc3 Bc8 28. Qc2 fxe3 29. fxe3 g4 30. hxg4 hxg4 31. Bg3 Bd7 32. Qd1 Bh6 33. Nc2 Rf7 34. Qe1 Raf8 35. Rdd1 Nd3 0-1

[Event "27th Klatovy A 2019"]
[Site "Klatovy CZE"]
[Date "2019.07.01"]
[Round "3.4"]
[White "Dolezal, Radoslav Jr"]
[Black "Brejnik, Gustav"]
[Result "1/2-1/2"]
[WhiteElo "2374"]
[BlackElo "2114"]
[PlyCount "68"]
[EventDate "2019.06.29"]
[EventType "swiss"]
[EventRounds "9"]
[EventCountry "CZE"]

1. e4 c6 2. d4 d5 3. exd5 cxd5 4. Bd3 Nc6 5. c3 Qc7 6. Bg5 Nf6 7. h3 e5 8. dxe5 Qxe5+ 9. Qe2 Be7 10. Nf3 Qxe2+ 11. Kxe2 O-O 12. Rd1 Nh5 13. Bxe7 Re8 14. Kf1 Rxe7 15. Na3 Nf4 16. Nc2 Nxd3 17. Rxd3 Bf5 18. Rd2 Bxc2 19. Rxc2 Rd8 20. Rd1 Red7 21. Re2 g6 22. Nd4 Kg7 23. Nb3 h5 24. h4 b6 25. Nd4 Ne7 26. Rd3 Ng8 27. Nc6 Rc8 28. Ne5 Rd6 29. Nf3 Rd7 30. Rde3 Nf6 31. Re7 Rcc7 32. Rxd7 Rxd7 33. Rd2 Re7 34. Ng5 Rc7 1/2-1/2

[Event "27th Klatovy A 2019"]
[Site "Klatovy CZE"]
[Date "2019.07.01"]
[Round "3.5"]
[White "Krivanek, Vladimir"]
[Black "Hausner, Ivan"]
[Result "0-1"]
[WhiteElo "2166"]
[BlackElo "2370"]
[PlyCount "58"]
[EventDate "2019.06.29"]
[EventType "swiss"]
[EventRounds "9"]
[EventCountry "CZE"]

1. e4 c5 2. Nf3 d6 3. d4 cxd4 4. Nxd4 Nf6 5. Nc3 Nc6 6. Bg5 e6 7. Qd2 a6 8. f4 Bd7 9. Be2 Be7 10. O-O-O b5 11. Bf3 Rc8 12. Bxf6 gxf6 13. Nxc6 Bxc6 14. f5 b4 15. fxe6 bxc3 16. exf7+ Kxf7 17. Bh5+ Kg7 18. Qxc3 Bxe4 19. Qg3+ Bg6 20. Rd2 Rc5 21. Be2 Qb6 22. h4 Rb8 23. c3 Qa5 24. h5 Qxc3+ 25. Qxc3 Rxc3+ 26. Kd1 Be4 27. Rh4 Re3 28. Bxa6 f5 29. h6+ Kf7 0-1

[Event "27th Klatovy A 2019"]
[Site "Klatovy CZE"]
[Date "2019.07.01"]
[Round "3.6"]
[White "Kozak, Milos"]
[Black "Vyprachticky, David"]
[Result "1/2-1/2"]
[WhiteElo "2165"]
[BlackElo "2312"]
[PlyCount "43"]
[EventDate "2019.06.29"]
[EventType "swiss"]
[EventRounds "9"]
[EventCountry "CZE"]

1. d4 Nf6 2. c4 g6 3. g3 Bg7 4. Bg2 O-O 5. Nc3 d6 6. Nf3 c6 7. O-O a6 8. e4 Bg4 9. h3 Bxf3 10. Bxf3 Nfd7 11. Be3 c5 12. d5 b5 13. Be2 b4 14. Na4 Nb6 15. Nxb6 Qxb6 16. Qd2 Re8 17. Rad1 Nd7 18. f4 a5 19. g4 e6 20. dxe6 Rxe6 21. Bf3 Ra7 22. g5 1/2-1/2

[Event "27th Klatovy A 2019"]
[Site "Klatovy CZE"]
[Date "2019.07.01"]
[Round "3.7"]
[White "Stross, Frantisek"]
[Black "Bub, Volker"]
[Result "1/2-1/2"]
[WhiteElo "2312"]
[BlackElo "2049"]
[PlyCount "60"]
[EventDate "2019.06.29"]
[EventType "swiss"]
[EventRounds "9"]
[EventCountry "CZE"]

1. e4 c5 2. Nc3 e6 3. Nf3 a6 4. d4 cxd4 5. Nxd4 Qc7 6. Bd3 Nf6 7. O-O d6 8. Bg5 Be7 9. Qe2 Nbd7 10. Kh1 b5 11. a4 b4 12. Na2 Bb7 13. Bd2 Nc5 14. f3 a5 15. Bb5+ Nfd7 16. c3 bxc3 17. Bxc3 O-O 18. Nc1 d5 19. exd5 Bxd5 20. Nd3 Nxd3 21. Qxd3 Ne5 22. Qe2 Bd6 23. Rac1 Qe7 24. Rfe1 Ng6 25. Qf2 Qb7 26. Rcd1 Bc5 27. Qg3 Be7 28. Re2 Bh4 29. Qh3 Bg5 30. Qg4 h6 1/2-1/2

[Event "27th Klatovy A 2019"]
[Site "Klatovy CZE"]
[Date "2019.07.01"]
[Round "3.8"]
[White "Bartos, Jan"]
[Black "Mejzlik, Ondrej"]
[Result "1/2-1/2"]
[WhiteElo "2157"]
[BlackElo "2302"]
[PlyCount "88"]
[EventDate "2019.06.29"]
[EventType "swiss"]
[EventRounds "9"]
[EventCountry "CZE"]

1. d4 d5 2. c4 c6 3. Nf3 Nf6 4. e3 e6 5. Bd3 Nbd7 6. Nbd2 Bd6 7. O-O O-O 8. e4 dxe4 9. Nxe4 Nxe4 10. Bxe4 h6 11. Bc2 Re8 12. Qd3 Nf6 13. b3 b6 14. Bb2 Bb7 15. Rfe1 g6 16. Rad1 Bf8 17. Ne5 Qe7 18. Re3 Bg7 19. Rde1 Rad8 20. b4 c5 21. bxc5 bxc5 22. d5 Qc7 23. Nxf7 Qxf7 24. dxe6 Qe7 25. Qxg6 Rd4 26. Bxd4 cxd4 27. Rg3 Kf8 28. Qd3 Rd8 29. Re5 Rd6 30. Qa3 Ne8 31. Re1 Ra6 32. Qb3 Rxe6 33. Rxe6 Qxe6 34. Qb4+ Qe7 35. Qxe7+ Kxe7 36. Ra3 a6 37. Rb3 Bc8 38. c5 Be6 39. Rb7+ Kd8 40. Bb3 Bxb3 41. axb3 d3 42. Kf1 h5 43. Rb8+ Ke7 44. Rb7+ Kd8 1/2-1/2

[Event "27th Klatovy A 2019"]
[Site "Klatovy CZE"]
[Date "2019.07.01"]
[Round "3.9"]
[White "Pick, Stepan"]
[Black "Jurek, Josef"]
[Result "0-1"]
[WhiteElo "2058"]
[BlackElo "2247"]
[PlyCount "142"]
[EventDate "2019.06.29"]
[EventType "swiss"]
[EventRounds "9"]
[EventCountry "CZE"]

1. d4 Nf6 2. Nf3 e6 3. e3 b6 4. Bd3 Bb7 5. O-O c5 6. b3 Be7 7. Bb2 O-O 8. Nbd2 d6 9. c4 Nbd7 10. Re1 Re8 11. Rc1 a6 12. Bb1 Rc8 13. a3 Qc7 14. b4 Qb8 15. Qb3 b5 16. bxc5 bxc4 17. Qc2 dxc5 18. Ne5 g6 19. Nxd7 Nxd7 20. dxc5 Rxc5 21. Bd4 Rh5 22. Nf1 Bxa3 23. Rcd1 Bb4 24. Bc3 Bxc3 25. Qxc3 Qc7 26. Ng3 Rc5 27. Bc2 Bc6 28. Rd4 Nb6 29. Qa3 Bd5 30. e4 Bb7 31. Qe3 e5 32. Rdd1 f6 33. h4 Bc8 34. Ne2 Bg4 35. f3 Be6 36. Nc3 Ra5 37. Ra1 Rxa1 38. Rxa1 Ra8 39. Kh2 Nd7 40. Qd2 Kg7 41. h5 Nc5 42. h6+ Kf7 43. Rd1 Rc8 44. Nd5 Qc6 45. Nb4 Qb7 46. Nd5 Bxd5 47. exd5 Rd8 48. d6 Qc6 49. Qc3 Ne6 50. Be4 Qb5 51. Bd5 Rxd6 52. Bxc4 Qc6 53. Rxd6 Qxd6 54. Bxe6+ Qxe6 55. Qc7+ Qe7 56. Qc4+ Kf8 57. Qc8+ Kf7 58. Qc4+ Ke8 59. Qc8+ Qd8 60. Qb7 Qd7 61. Qxa6 f5 62. Qa8+ Qd8 63. Qc6+ Kf8 64. Qc5+ Qe7 65. Qc8+ Kf7 66. Qc4+ Kf6 67. g4 fxg4 68. fxg4 e4 69. Kh3 g5 70. Qg8 e3 71. Kg3 e2 0-1

[Event "27th Klatovy A 2019"]
[Site "Klatovy CZE"]
[Date "2019.07.01"]
[Round "3.10"]
[White "Chmel, Kristian"]
[Black "Slovak, Kilian"]
[Result "0-1"]
[WhiteElo "2102"]
[BlackElo "2242"]
[PlyCount "74"]
[EventDate "2019.06.29"]
[EventType "swiss"]
[EventRounds "9"]
[EventCountry "CZE"]

1. e4 c5 2. Nf3 d6 3. d4 cxd4 4. Nxd4 Nf6 5. Nc3 g6 6. Be3 Bg7 7. f3 O-O 8. Qd2 Nc6 9. Bc4 Bd7 10. O-O-O Rb8 11. Bb3 Na5 12. Bh6 Bxh6 13. Qxh6 b5 14. h4 e5 15. Nde2 b4 16. Nd5 Nxb3+ 17. axb3 Nxd5 18. Rxd5 Rb6 19. Kd1 Be6 20. Rd2 Qe7 21. g4 Rc8 22. Ng3 Ra6 23. Rf1 Bd7 24. Ke1 Ra2 25. Rg1 Kh8 26. h5 Rxb2 27. hxg6 fxg6 28. Rh1 Rcxc2 29. Rxd6 Rb1+ 30. Rd1 Rxd1+ 31. Kxd1 Ra2 32. Ne2 Qf7 33. Qe3 Be6 34. Nc1 Rb2 35. f4 Bxg4+ 36. Ke1 Qxf4 37. Qc5 Qd2+ 0-1

[Event "27th Klatovy A 2019"]
[Site "Klatovy CZE"]
[Date "2019.07.01"]
[Round "3.11"]
[White "Hajek, Jiri2"]
[Black "Michalek, Jan 1969"]
[Result "1/2-1/2"]
[WhiteElo "2043"]
[BlackElo "2230"]
[PlyCount "72"]
[EventDate "2019.06.29"]
[EventType "swiss"]
[EventRounds "9"]
[EventCountry "CZE"]

1. e4 c5 2. Nf3 g6 3. c3 Bg7 4. d4 cxd4 5. cxd4 d5 6. e5 Nc6 7. Nc3 Bg4 8. Be3 Nh6 9. Qb3 Bxf3 10. Qxb7 Nxe5 11. dxe5 d4 12. Bb5+ Kf8 13. Qxf3 dxe3 14. O-O Bxe5 15. Rad1 Bd6 16. fxe3 Rb8 17. Bc4 Kg7 18. Ne4 Rf8 19. Nxd6 exd6 20. e4 Qe7 21. b3 f6 22. Qf4 Rbd8 23. Bd5 Nf7 24. Bxf7 Rxf7 25. Rd5 Re8 26. Re1 f5 27. Qxd6 Qxd6 28. Rxd6 fxe4 29. Re3 Rc8 30. h3 Rc2 31. Rxe4 Rxa2 32. Ra4 Rc2 33. Rda6 Rcc7 34. b4 Rb7 35. b5 h5 36. h4 Rxb5 1/2-1/2

[Event "27th Klatovy A 2019"]
[Site "Klatovy CZE"]
[Date "2019.07.01"]
[Round "3.12"]
[White "Eret, Matous"]
[Black "Furman, Boris"]
[Result "1/2-1/2"]
[WhiteElo "2205"]
[BlackElo "2144"]
[PlyCount "68"]
[EventDate "2019.06.29"]
[EventType "swiss"]
[EventRounds "9"]
[EventCountry "CZE"]

1. e4 c5 2. Nf3 Nc6 3. b3 d6 4. Bb2 e5 5. d3 g6 6. Nbd2 Bg7 7. g3 Nge7 8. Bg2 O-O 9. O-O f5 10. c3 f4 11. d4 exd4 12. cxd4 cxd4 13. b4 fxg3 14. fxg3 h6 15. b5 Ne5 16. Bxd4 Be6 17. Kh1 Qd7 18. a4 Kh7 19. Rc1 a6 20. Bb6 Rac8 21. Qe2 axb5 22. axb5 Rxc1 23. Rxc1 Rc8 24. Rxc8 Qxc8 25. Nxe5 Bxe5 26. Nf3 Bg7 27. h4 Qc4 28. Qd2 Qxb5 29. Qxd6 Qc6 30. e5 Bd5 31. Qxc6 Nxc6 32. Ng5+ hxg5 33. Bxd5 Bxe5 34. Kg2 gxh4 1/2-1/2

[Event "27th Klatovy A 2019"]
[Site "Klatovy CZE"]
[Date "2019.07.01"]
[Round "3.13"]
[White "Kopriva, Martin"]
[Black "Kotal, Vaclav"]
[Result "0-1"]
[WhiteElo "2031"]
[BlackElo "2205"]
[PlyCount "90"]
[EventDate "2019.06.29"]
[EventType "swiss"]
[EventRounds "9"]
[EventCountry "CZE"]

1. c4 e5 2. Nc3 Nf6 3. g3 Bb4 4. Bg2 O-O 5. e4 Re8 6. Nge2 a6 7. O-O Nc6 8. d3 Bc5 9. h3 d6 10. Kh2 Nd7 11. f4 Nf8 12. f5 f6 13. g4 h6 14. h4 Nh7 15. Rf3 Qe7 16. Ng1 Qf7 17. Nd5 Nd4 18. Rg3 c6 19. g5 hxg5 20. hxg5 fxg5 21. Ne3 Kf8 22. Nf3 Ke7 23. Ng4 Nxf3+ 24. Qxf3 Rh8 25. Rh3 Bd7 26. b4 Bd4 27. Rb1 b5 28. Bf1 a5 29. a3 axb4 30. Rxb4 Nf6 31. cxb5 cxb5 32. Bxg5 Qa2+ 33. Kg3 Qxa3 34. Rxd4 exd4 35. e5 dxe5 36. Nxe5 Rxh3+ 37. Bxh3 Ra7 38. Qd5 Qd6 39. Qf7+ Kd8 40. Bf4 Qe7 41. Qg6 Be8 42. Qg5 Nh5+ 43. Qxh5 Bxh5 44. Nc6+ Ke8 45. Nxe7 Rxe7 0-1

[Event "27th Klatovy A 2019"]
[Site "Klatovy CZE"]
[Date "2019.07.01"]
[Round "3.14"]
[White "Vedral, Oldrich"]
[Black "Finek, Vaclav"]
[Result "1-0"]
[WhiteElo "2250"]
[BlackElo "2043"]
[PlyCount "37"]
[EventDate "2019.06.29"]
[EventType "swiss"]
[EventRounds "9"]
[EventCountry "CZE"]

1. e4 c5 2. Nf3 d6 3. d4 cxd4 4. Nxd4 Nf6 5. Nc3 g6 6. Be3 Bg7 7. f3 O-O 8. Qd2 Nc6 9. g4 Be6 10. O-O-O Nxd4 11. Bxd4 Qa5 12. a3 Rfc8 13. h4 Rab8 14. h5 b5 15. hxg6 hxg6 16. Qg5 d5 17. e5 b4 18. exf6 exf6 19. Qxf6 1-0

[Event "27th Klatovy A 2019"]
[Site "Klatovy CZE"]
[Date "2019.07.01"]
[Round "3.15"]
[White "Zeman, Matyas"]
[Black "Turner, Radek"]
[Result "1-0"]
[WhiteElo "2275"]
[BlackElo "2023"]
[PlyCount "185"]
[EventDate "2019.06.29"]
[EventType "swiss"]
[EventRounds "9"]
[EventCountry "CZE"]

1. d4 Nf6 2. Nc3 d5 3. Bf4 c6 4. e3 Bf5 5. f3 Nbd7 6. g4 Bg6 7. h4 h6 8. h5 Bh7 9. Bd3 e6 10. Bxh7 Nxh7 11. Qd3 Bb4 12. Nge2 Ng5 13. Kf2 Qf6 14. Bxg5 hxg5 15. a3 Bxc3 16. Nxc3 e5 17. Kg2 Rh6 18. Ne2 O-O-O 19. Ng3 Rdh8 20. c3 g6 21. hxg6 fxg6 22. Rxh6 Rxh6 23. Re1 Qh8 24. Rh1 e4 25. Rxh6 exf3+ 26. Kxf3 Qxh6 27. e4 dxe4+ 28. Qxe4 Qf8+ 29. Kg2 Qf7 30. Qf3 Qb3 31. Qe2 Qd5+ 32. Kh3 Nf6 33. Qe7 Qf3 34. Qe6+ Kc7 35. c4 a5 36. b4 axb4 37. axb4 b5 38. cxb5 cxb5 39. Qe5+ Kc8 40. Qc5+ Kd7 41. Qxb5+ Ke6 42. Qxg5 Kf7 43. Kh4 Qf2 44. Qe5 Qh2+ 45. Kg5 Nh7+ 46. Kf4 Qd2+ 47. Qe3 Qxb4 48. Ne4 Nf8 49. Ng5+ Kg8 50. Kg3 Qd6+ 51. Qe5 Qa3+ 52. Kh4 Qa2 53. d5 Qf2+ 54. Kh3 Qf1+ 55. Kg3 Qg1+ 56. Kf3 Qf1+ 57. Kg3 Qg1+ 58. Kf3 Qf1+ 59. Ke3 Qc1+ 60. Kf2 Qd2+ 61. Kg3 Qd3+ 62. Nf3 Kf7 63. Qc7+ Kg8 64. d6 Kh8 65. Qd8 Kg7 66. Qe7+ Kg8 67. Qf6 Qd1 68. Qe5 Qd3 69. Qe7 Qd1 70. Ne5 Qg1+ 71. Kf3 Qh1+ 72. Ke3 Qe1+ 73. Kd3 Qd1+ 74. Kc3 Qa1+ 75. Kb4 Qb2+ 76. Kc5 Qa3+ 77. Kc4 Qa2+ 78. Kb5 Qd5+ 79. Kb6 Qxe5 80. Qxe5 Nd7+ 81. Kc7 Nxe5 82. g5 Kf8 83. d7 Nxd7 84. Kxd7 Kf7 85. Kd6 Kf8 86. Ke6 Kg7 87. Ke7 Kg8 88. Kf6 Kh7 89. Kf7 Kh8 90. Kxg6 Kg8 91. Kh6 Kh8 92. g6 Kg8 93. g7 1-0

[Event "27th Klatovy A 2019"]
[Site "Klatovy CZE"]
[Date "2019.07.01"]
[Round "3.16"]
[White "Vorisek, Jaroslav"]
[Black "Hak, David"]
[Result "1-0"]
[WhiteElo "2241"]
[BlackElo "1980"]
[PlyCount "129"]
[EventDate "2019.06.29"]
[EventType "swiss"]
[EventRounds "9"]
[EventCountry "CZE"]

1. d4 Nf6 2. c4 g6 3. g3 Bg7 4. Bg2 O-O 5. Nf3 d6 6. O-O Nbd7 7. Qc2 e5 8. Rd1 Qe7 9. Nc3 c6 10. b3 e4 11. Ng5 d5 12. cxd5 cxd5 13. Nb5 Ne8 14. h4 Qb4 15. a4 Qa5 16. Ba3 a6 17. Na7 Qd8 18. Rac1 Nb6 19. Bxf8 Bxf8 20. Nxc8 Rxc8 21. Qd2 Ba3 22. Rxc8 Qxc8 23. Ra1 Bd6 24. Rc1 Qd7 25. Nh3 Qe7 26. Nf4 Bb4 27. Qe3 f5 28. Rc2 Kf7 29. Nh3 Kg8 30. h5 Qf7 31. hxg6 hxg6 32. Qf4 Bd6 33. Qd2 Qe7 34. Nf4 Kg7 35. Qa5 Bxf4 36. gxf4 Qd6 37. e3 Kf6 38. Qc5 Ke6 39. a5 Qxc5 40. dxc5 Nc8 41. c6 b5 42. axb6 Nxb6 43. Bf1 Nc7 44. Ra2 Kd6 45. Bxa6 Kxc6 46. Rc2+ Kd7 47. Bb7 d4 48. exd4 Ncd5 49. Bxd5 Nxd5 50. Kh2 Nxf4 51. b4 Nd5 52. b5 f4 53. Rc5 Nb6 54. Kh3 Na4 55. Rc4 Nb6 56. Rc6 Nd5 57. Kg4 e3 58. fxe3 fxe3 59. Kf3 g5 60. Rc5 Kd6 61. Ke4 Nc7 62. Kxe3 g4 63. b6 Na6 64. b7 Kd7 65. Rc8 1-0

[Event "27th Klatovy A 2019"]
[Site "Klatovy CZE"]
[Date "2019.07.01"]
[Round "3.17"]
[White "Kopta, Pavel"]
[Black "Richter, Martin1"]
[Result "1-0"]
[WhiteElo "2227"]
[BlackElo "1959"]
[PlyCount "89"]
[EventDate "2019.06.29"]
[EventType "swiss"]
[EventRounds "9"]
[EventCountry "CZE"]

1. d4 Nf6 2. c4 e6 3. Nc3 Bb4 4. Qc2 O-O 5. Nf3 b6 6. e4 Bb7 7. Bd3 Bxc3+ 8. bxc3 d6 9. e5 dxe5 10. dxe5 Nfd7 11. Bxh7+ Kh8 12. Be4 Bxe4 13. Qxe4 Nc5 14. Qe2 Qd3 15. Qxd3 Nxd3+ 16. Ke2 Nxc1+ 17. Raxc1 Na6 18. Rhd1 Rfd8 19. Rd4 c5 20. Rxd8+ Rxd8 21. Rd1 Rxd1 22. Kxd1 Nb8 23. Kd2 Nc6 24. Kd3 Kh7 25. g4 Kg6 26. h4 f6 27. exf6 gxf6 28. Ke4 Na5 29. Nd2 Nc6 30. f4 Ne7 31. Nf3 f5+ 32. gxf5+ exf5+ 33. Ke5 Nc6+ 34. Kd6 Na5 35. Ke6 Nxc4 36. h5+ Kxh5 37. Kxf5 Ne3+ 38. Ke4 Nd1 39. c4 Kg6 40. Ke5 Kf7 41. f5 Nf2 42. Ng5+ Ke8 43. f6 Ng4+ 44. Ke6 Nh6 45. f7+ 1-0

[Event "27th Klatovy A 2019"]
[Site "Klatovy CZE"]
[Date "2019.07.01"]
[Round "3.18"]
[White "Novy, Daniel"]
[Black "Molkanov, Oleg 2001"]
[Result "1-0"]
[WhiteElo "1955"]
[BlackElo "2211"]
[PlyCount "35"]
[EventDate "2019.06.29"]
[EventType "swiss"]
[EventRounds "9"]
[EventCountry "CZE"]

1. b4 f5 2. Bb2 Nf6 3. e3 e6 4. b5 b6 5. Nf3 Bb7 6. c4 c5 7. Nc3 Be7 8. Be2 O-O 9. O-O h6 10. Ne5 Qe8 11. Bf3 d5 12. d4 Bd6 13. cxd5 exd5 14. Nxd5 Ng4 15. Nxg4 fxg4 16. Nf6+ Rxf6 17. Bxb7 Qh5 18. g3 1-0

[Event "27th Klatovy A 2019"]
[Site "Klatovy CZE"]
[Date "2019.07.01"]
[Round "3.19"]
[White "Palek, Miroslav"]
[Black "Pribyl, Viktor"]
[Result "1-0"]
[WhiteElo "2188"]
[BlackElo "1933"]
[PlyCount "67"]
[EventDate "2019.06.29"]
[EventType "swiss"]
[EventRounds "9"]
[EventCountry "CZE"]

1. d4 g6 2. e4 Bg7 3. g3 c5 4. d5 d6 5. Bg2 Nf6 6. Ne2 Na6 7. Nbc3 Nc7 8. a4 b6 9. h3 Bb7 10. Be3 a6 11. Qd2 b5 12. Bh6 O-O 13. Bxg7 Kxg7 14. O-O Qd7 15. Nd1 e6 16. Ne3 Rfe8 17. c4 exd5 18. exd5 bxc4 19. Nc3 a5 20. Nxc4 Ra7 21. Rfe1 Qd8 22. Rxe8 Ncxe8 23. Nb5 Ra6 24. g4 h6 25. f4 Qa8 26. Rd1 Nd7 27. g5 hxg5 28. fxg5 Nb6 29. Ncxd6 Nxd6 30. Nxd6 Nxa4 31. Qf4 Rxd6 32. Qxd6 Nxb2 33. Qf6+ Kg8 34. Qxb2 1-0

[Event "27th Klatovy A 2019"]
[Site "Klatovy CZE"]
[Date "2019.07.01"]
[Round "3.20"]
[White "Kupsa, Matej 2001"]
[Black "Kaderabek, Jiri"]
[Result "1-0"]
[WhiteElo "1929"]
[BlackElo "2182"]
[PlyCount "45"]
[EventDate "2019.06.29"]
[EventType "swiss"]
[EventRounds "9"]
[EventCountry "CZE"]

1. e4 d6 2. d4 Nf6 3. Nc3 g6 4. Be2 Bg7 5. h4 h6 6. h5 g5 7. f4 gxf4 8. Bxf4 c6 9. Qd2 d5 10. e5 Ne4 11. Nxe4 dxe4 12. Qe3 Bf5 13. O-O-O e6 14. g4 Bh7 15. Bxh6 Rg8 16. Nh3 Nd7 17. Bxg7 Rxg7 18. Qh6 Kf8 19. g5 Kg8 20. g6 fxg6 21. hxg6 Rxg6 22. Rdg1 Nf8 23. Nf4 1-0

[Event "27th Klatovy A 2019"]
[Site "Klatovy CZE"]
[Date "2019.07.01"]
[Round "3.21"]
[White "Dvorak, Jan"]
[Black "Kunc, Jan"]
[Result "1-0"]
[WhiteElo "2141"]
[BlackElo "1919"]
[PlyCount "105"]
[EventDate "2019.06.29"]
[EventType "swiss"]
[EventRounds "9"]
[EventCountry "CZE"]

1. d4 Nf6 2. c4 e6 3. Nc3 Bb4 4. g3 O-O 5. Nf3 c5 6. Bg2 d5 7. cxd5 Nxd5 8. Bd2 cxd4 9. Nxd5 Bxd2+ 10. Qxd2 Qxd5 11. Qxd4 Rd8 12. Qxd5 Rxd5 13. O-O Nc6 14. Rfd1 Rxd1+ 15. Rxd1 Kf8 16. Ng5 Ke7 17. Ne4 Bd7 18. Nc5 Be8 19. Nxb7 Rb8 20. Bxc6 Bxc6 21. Na5 Ba8 22. Rd2 Rb5 23. Nc4 Bd5 24. b3 a5 25. Ne3 Be4 26. f3 Bb1 27. Nc4 Bg6 28. Kf2 e5 29. e4 f6 30. Rd5 Rxd5 31. exd5 Bb1 32. a3 Ba2 33. Nxa5 Kd6 34. b4 Kxd5 35. Ke3 f5 36. Nb7 Kc6 37. Nc5 Kb5 38. Nd7 Ka4 39. Nxe5 Kxa3 40. b5 Kb4 41. b6 Bd5 42. Kd4 Ba8 43. f4 Kb5 44. Nd7 Kc6 45. Nf8 h6 46. Ke5 Kxb6 47. Kxf5 Kc5 48. Ne6+ Kd6 49. Nxg7 Ke7 50. Kg6 Be4+ 51. f5 Bd3 52. Kxh6 Kf6 53. g4 1-0

[Event "27th Klatovy A 2019"]
[Site "Klatovy CZE"]
[Date "2019.07.01"]
[Round "3.22"]
[White "Jelinek, Michal"]
[Black "Lhotsky, Zdenek"]
[Result "1-0"]
[WhiteElo "2108"]
[BlackElo "1914"]
[PlyCount "57"]
[EventDate "2019.06.29"]
[EventType "swiss"]
[EventRounds "9"]
[EventCountry "CZE"]

1. d4 Nf6 2. c4 e6 3. Nf3 b6 4. a3 Bb7 5. Nc3 Be7 6. Qc2 d5 7. cxd5 Nxd5 8. e4 Nxc3 9. bxc3 c5 10. Bb5+ Bc6 11. Bd3 Nd7 12. O-O O-O 13. Be3 Rc8 14. Ba6 Ra8 15. Qd3 f5 16. e5 Qe8 17. Bf4 h6 18. Bc4 Bd5 19. Bxd5 exd5 20. dxc5 Nxc5 21. Qxd5+ Kh8 22. e6 Qa4 23. Ne5 Kh7 24. c4 Rad8 25. Qc6 Rd4 26. Be3 Rxc4 27. Qc7 Bf6 28. Nxc4 Bxa1 29. e7 1-0

[Event "27th Klatovy A 2019"]
[Site "Klatovy CZE"]
[Date "2019.07.01"]
[Round "3.23"]
[White "Holy, Filip"]
[Black "Fiser, Jiri2"]
[Result "1/2-1/2"]
[WhiteElo "2088"]
[BlackElo "1899"]
[PlyCount "64"]
[EventDate "2019.06.29"]
[EventType "swiss"]
[EventRounds "9"]
[EventCountry "CZE"]

1. d4 f5 2. Nh3 g6 3. c3 Nf6 4. Bg5 Bg7 5. e3 Nc6 6. Bc4 d5 7. Bb5 Bd7 8. Nf4 e6 9. Bxc6 bxc6 10. Nd3 h6 11. Bh4 O-O 12. Nd2 g5 13. Bg3 Be8 14. Nc5 Qe7 15. Be5 Ne4 16. Bxg7 Kxg7 17. Ndxe4 fxe4 18. Qg4 Rf5 19. O-O Bg6 20. Qg3 Kh7 21. f3 exf3 22. Rxf3 Rxf3 23. Qxf3 Rf8 24. Qe2 e5 25. Re1 Re8 26. Qg4 exd4 27. cxd4 Qd6 28. Qg3 Qxg3 29. hxg3 Re7 30. Na6 Kg7 31. Nb4 Re6 32. Na6 Re7 1/2-1/2

[Event "27th Klatovy A 2019"]
[Site "Klatovy CZE"]
[Date "2019.07.01"]
[Round "3.24"]
[White "Nechutny, Michal"]
[Black "Vanduyfhuys, Daria"]
[Result "0-1"]
[WhiteElo "1726"]
[BlackElo "2078"]
[PlyCount "86"]
[EventDate "2019.06.29"]
[EventType "swiss"]
[EventRounds "9"]
[EventCountry "CZE"]

1. e4 c5 2. c3 d5 3. exd5 Qxd5 4. d4 Nf6 5. Nf3 Nc6 6. Na3 Qd8 7. Nc2 Bg4 8. Be2 e6 9. O-O Be7 10. h3 Bh5 11. dxc5 Bxc5 12. Qxd8+ Rxd8 13. Be3 Bxe3 14. Nxe3 O-O 15. Rad1 h6 16. Rxd8 Rxd8 17. Rd1 Rxd1+ 18. Bxd1 Kf8 19. g4 Bg6 20. Bc2 Be4 21. Nd2 Bxc2 22. Nxc2 Ne5 23. Ne3 Nd3 24. Nd1 Nd5 25. Nc4 b6 26. Kh2 Ke7 27. Nce3 Kd6 28. Kg3 Nxe3 29. fxe3 Kd5 30. Kf3 f5 31. Ke2 Ke4 32. gxf5 exf5 33. Nf2+ Nxf2 34. Kxf2 g5 35. b3 g4 36. hxg4 fxg4 37. c4 h5 38. a4 a5 39. b4 axb4 40. c5 bxc5 41. a5 Kd5 42. e4+ Kc6 43. e5 b3 0-1